000 00689nam a2200277Ia 4500
005 20260324111251.0
008 008 260324s9999 xx 000 0 eng d
020 _a9781003515715
037 _aEBOOK
040 _aCRL
040 _beng
040 _cCRL
041 _2eng
041 _aeng
084 _qCRL
100 _aDavid Mhlanga; Mufaro Dzingirai
_91137844
245 0 _aFinancial Inclusion and Sustainable Development in Sub-Saharan Africa
260 _bTaylor and Francis
260 _c2025
365 _a
365 _b230
856 _uhttp://www.taylorfrancis.com/books/9781003515715
942 _cEBOOK
999 _c1726611
_d1726611